[Event "Amber-blindfold 09th"]
[Site "Monte Carlo"]
[Date "2000.03.21"]
[Round "5"]
[White "Kramnik, Vladimir"]
[Black "Nikolic, Predrag"]
[Result "1/2-1/2"]
[WhiteElo "2758"]
[BlackElo "2659"]
[Annotator "Ftacnik,L"]
[PlyCount "88"]
[EventDate "2000.03.16"]
[EventType "tourn (rapid)"]
[EventRounds "11"]
[EventCountry "MNC"]
[EventCategory "18"]
[SourceTitle "CBM 076"]
[Source "ChessBase"]
[SourceDate "2000.05.31"]
[SourceVersion "1"]
[SourceVersionDate "2000.05.31"]
[SourceQuality "1"]

1. Nf3 Nf6 2. d4 e6 3. c4 b6 4. Nc3 Bb7 5. a3 d5 6. cxd5 exd5 7. Bg5 Be7 8.
Qa4+ c6 9. e3 O-O 10. Bd3 c5 11. Rd1 c4 {Equalizing is not such an easy task
in this position, advance of the queenside pawns starts an ambitious plan.} (
11... Nbd7 12. Ne5 (12. O-O Ne4 13. Bxe4 dxe4 14. dxc5 Nxc5 15. Rxd8 Bxd8 16.
Qc2 {1/2-1/2 Khalifman,A-Naumkin,I/Riga/1988/ (16)}) 12... h6 (12... Nxe5 13.
dxe5 Nh5 14. Ba6 Bxa6 15. Rxd5 Qe8 16. Bxe7 Qxa4 17. Nxa4 Rfe8 18. Rd7 Bb5 19.
Rc7 Bxa4 20. g4 Rec8 (20... Bc6 21. Rg1 Bf3 22. Kd2 Rec8 23. Rd7 Bc6 24. Rd6
Re8 25. Bh4 Bf3 26. gxh5 Bxh5 27. f4 {1/2-1/2 Gelfand,B-Yudasin,L/Bugojno/1999/
(35)}) 21. Rxc8+ Rxc8 22. gxh5 f6 23. Rg1 Kf7 24. Bd6 Re8 25. f4 Bc2 26. Kd2
Be4 27. Kc3 {1-0 Khalifman,A-Huebner,R/Munich/1992/ (48)}) 13. Bf4 (13. Nxd7
Nxd7 14. Bf4 cxd4 15. exd4 Nf6 16. O-O Bd6 17. Be5 Ng4 18. Rfe1 Bxe5 19. dxe5
d4 20. Bh7+ Kxh7 21. Rxd4 Qg5 22. Rxg4 Qd2 {1/2-1/2 Christiansen,L-Ivanov,A/
USA-ch/1993/ (50)}) 13... a6 14. Bb1 Re8 15. Nxd7 Nxd7 16. dxc5 Nxc5 17. Qc2
Bf6 18. Qh7+ Kf8 19. O-O Ne6 20. Ba2 {1-0 Bareev,E-Gligoric,S/Moscow/1989/ (48)
}) 12. Bb1 a6 (12... Re8 13. Qc2 Nbd7 14. a4 $14) 13. Ne5 b5 (13... Nbd7 14.
Nc6 $14) 14. Qc2 Ne4 (14... g6 15. h4 $40) 15. Bxe7 Qxe7 16. f3 (16. Nxe4 dxe4
17. Nf3 f5 18. Nd2 Nd7 $11) 16... Nf6 17. e4 dxe4 (17... Nbd7 18. Nxd7 Nxd7 19.
e5 $14) 18. fxe4 Nbd7 (18... a5 $2 19. O-O b4 20. Nd5 Bxd5 21. exd5 $16) 19.
Nxd7 Nxd7 20. O-O {White chances are slightly better, since his mobile center
is more dangerous than black's queenside majority.} g6 (20... f6 21. Rfe1 $14)
21. Qf2 Rae8 22. Qg3 Nf6 (22... f6 23. Qc7 Ba8 24. Bc2 $14) 23. Rfe1 Nh5 24.
Qf2 Qg5 $6 (24... f6 $5) 25. Kh1 (25. g3 f6 $14) 25... Re7 26. Rf1 f6 27. d5 $1
Qe5 (27... Rfe8 28. Qb6 $16) 28. Qb6 Rd7 29. a4 $1 {[%mdl 32] Undermining of
the pawn structure is very unpleasant for black with uncoordinated pieces.}
bxa4 (29... Rb8 30. axb5 Bxd5 (30... axb5 31. Qxb5 Qc7 32. Qa4 $18) 31. Qf2 Be6
32. Rxd7 Bxd7 33. bxa6 $18) 30. Nxa4 Qd6 31. Ba2 (31. Qd4 $1 Rc7 32. Nb6 $18)
31... Rc8 32. g4 (32. Qd4 $1 $18) 32... Ng3+ $1 {Black had nothing to lose
with this courageous jump, his only chance is definitely in counterplay.} 33.
hxg3 Qxg3 34. Qg1 (34. Qe6+ Rf7 35. Rd2 Qh3+ 36. Kg1 Qg3+ 37. Rg2 Qe3+ 38. Kh2
Qh6+ 39. Kg3 Qe3+ 40. Rf3 Qe1+ 41. Kh2 $18) 34... Qh3+ 35. Qh2 Qxg4 36. Nb6 (
36. Nc3 Rf7 37. Rd4 $18) 36... Qxe4+ 37. Qg2 (37. Kg1 Qe3+ 38. Qf2 Qg5+ $11)
37... Qh4+ 38. Kg1 Re7 39. Nxc8 Re4 (39... Bxc8 40. Rf3 Re5 41. Rg3 $18) 40.
Nd6 $2 {In rapid tempo Kramnik misses a chance to punish black for all his
sins despite spirited defense.} (40. Ne7+ $1 Kh8 (40... Kf7 41. Nc6 Bxc6 (41...
Rg4) 42. dxc6 Rg4 43. Bxc4+ Kg7 44. Bd5 $18) 41. Nxg6+ hxg6 42. Qh2 $18) 40...
Rg4 41. Nxb7 (41. Rf2 Qh5 42. Re1 Bxd5 $14) 41... Rxg2+ 42. Kxg2 Qg4+ 43. Kf2
Qf4+ 44. Ke2 (44. Kg1 Qg3+ $11) 44... Qe5+ (44... Qe5+ 45. Kf3 Qf5+ 46. Kg2
Qg4+ $11) 1/2-1/2

[Event "Amber-blindfold 09th"]
[Site "Monte Carlo"]
[Date "2000.03.23"]
[Round "7"]
[White "Kramnik, Vladimir"]
[Black "Lautier, Joel"]
[Result "1/2-1/2"]
[WhiteElo "2755"]
[BlackElo "2630"]
[Annotator "Tsesarsky,I"]
[PlyCount "72"]
[EventDate "2000.03.16"]
[EventType "tourn (rapid)"]
[EventRounds "11"]
[EventCountry "MNC"]
[EventCategory "18"]
[SourceTitle "CBM 076"]
[Source "ChessBase"]
[SourceDate "2000.05.31"]
[SourceVersion "1"]
[SourceVersionDate "2000.05.31"]
[SourceQuality "1"]

{[%mdl 256]} 1. d4 d5 2. c4 e6 3. Nf3 c6 4. e3 Nf6 5. Bd3 Nbd7 6. O-O Be7 7.
Nc3 dxc4 8. Bxc4 b5 9. Bd3 b4 10. Ne4 Bb7 11. Nxf6+ Nxf6 12. e4 O-O {[%cal
Gc6c5] If Black will promote c6-c5 - it will be equal position. White try to
prevent this promotion.} 13. Qe2 ({Another continuation} 13. e5 {also doesn't
bring to White any advantage:} Nd7 14. Be4 {[%cal Ge4b7]} Rb8 (14... h6 $5 15.
Be3 Qb8 16. Rc1 Rc8 (16... c5 $2 17. dxc5 Bxe4 18. Qxd7 $16) 17. Re1 (17. Qa4
$5 Qc7 18. Rfd1 a5 $13) 17... c5 18. d5 $5 (18. dxc5 Nxc5 19. Bxb7 Qxb7 $11)
18... exd5 19. Bxd5 (19. Bf5 $6 Nf8 $1 20. Bxc8 Qxc8 21. Nd2 $5 {[%cal Gd2b3]}
(21. Nd4 Qd7 $1 $15) 21... Ne6 $44 {0-1 Milov,Vadim-Gurevich,Mikhail/Neuchatel
op (5) ;CBM 53 1996 (41)}) 19... Nb6 20. Bxb7 Qxb7 {(/\21...c4)} 21. b3 $11) (
14... Qb8 $6 15. Bg5 $40) 15. Qc2 (15. Be3 c5 16. Bxb7 Rxb7 17. d5 exd5 18.
Qxd5 Rc7 19. e6 Nb6 20. exf7+ Rxf7 21. Qxd8+ Bxd8 22. Rac1 Rf5 $11 {1/2-1/2
Gelfand,Boris-Anand,Viswanathan/Hoogovens Wijk aan Zee (12) ;CBM 63 1998 (30)})
15... h6 16. Be3 c5 17. Bxb7 Rxb7 18. Rfd1 Qc8 19. dxc5 Nxc5 20. Rac1 Rd8 $1
$11 {Karpov-Antunes, Tilburg 1994}) 13... c5 $11 {That should take place - is
happened.} 14. dxc5 Nd7 (14... Bxc5 15. e5 Nd5 16. Bxh7+ $18) (14... Rc8 15.
Rd1 Qc7 16. c6 $1 Bxc6 17. Nd4 Ba8 18. e5 Nd7 19. Bf4 {Lautier-Piket, Monaco m/
7 1996.}) 15. c6 (15. Be3 Nxc5 16. Bxc5 Bxc5 17. Ba6 Rb8 (17... Bxa6 18. Qxa6
Qf6 19. Rac1 Bb6 20. Rc2 h6 $11 {1/2-1/2 Rabar,Braslav-Bronstein,David I/
Gothenburg Interzonal (13) ;IZT 1955 (27)}) 18. Rad1 Qb6 19. Bxb7 Rxb7 20. Ne5
Bd4 21. Nc4 Qc5 22. Rc1 Rc7 23. h3 e5 $11 {Fox,Maurice-Steiner,Lajos/Bradley
Beach (3) ;HCL 1929/0-1 (57)}) (15. Ba6 Bxa6 16. Qxa6 Nxc5 17. Qe2 Qd3 18. Re1
Rfd8 19. Bf4 Qxe2 20. Rxe2 Nd3 $11 {1-0 Van Wely,Loek-Akopian,Vladimir/EU-ch
Rapid-30' ;CBM 55 ext 1996 (48)}) 15... Bxc6 16. Rd1 $146 {[%cal Gd1d8]
Kramnik tries to improve White play and maybe took into account only Queen
moves.} ({After} 16. Be3 {White can recieve a little advantage, for example:}
Qb8 (16... Qa5 17. Nd4 Bb7 18. Nb3 Qd8 19. Rfd1 Qb8 20. Na5 Nc5 21. Bc4 Qc7 22.
Nxb7 Qxb7 23. f3 $14 {Kozma,Julius-Rakay,Kvetoslav/SVK-ch Hlohovec (12) ;MCD
1975/1-0 (60)}) (16... Nf6 17. Rfd1 Qa5 18. Nd2 Rac8 19. Nb3 Qc7 20. Rac1 Qb8
21. Ba6 Bb7 22. Bxb7 Qxb7 23. f3 $14 {Kharkova,Elena-Bacrot,Etienne/Formia op 
(9) ;EXT 99 1994/1-0 (71)}) (16... Bb7 17. Rfc1 $5 (17. Rac1 Qa5 $1 (17... Qb8
18. Bb5 (18. g3 Rc8 19. Bf4 e5 20. Rxc8+ Bxc8 21. Bg5 Bf8 22. Rd1 Nb6 23. Bb5
Bb7 24. Bd8 $14 {1-0 Chekhov,Valery A-Bagirov,Vladimir/URS-ch58 Moscow (6) ;
URS-ch 1991 (46)}) (18. Nd4 Rc8 19. Rxc8+ Qxc8 20. Rc1 Qd8 21. Bb5 Bxe4 22. Bc6
Bxc6 23. Nxc6 Qe8 24. Qb5 Bf8 25. Qb7 Nb6 26. g3 Nd5 27. Bxa7 Rc8 $11 {Chekhov,
Valery A-Novikov,Igor A/URS-ch58 Moscow (8) ;URS-ch 1991/1/2-1/2 (60)}) 18...
Nf6 19. Nd4 $16 {Chekhov}) 18. Bb5 (18. Rfd1 Rac8 (18... Nc5 19. Bxc5 Bxc5 20.
e5 Bxf3 21. Qxf3 g6 22. Bc4 Rad8 $11 {Ruzele,D-Novikov,I/EU-chT 1992/EU-chT/1/
2-1/2 (72)}) 19. Bb1 Rxc1 20. Rxc1 Rc8 21. Rd1 {1/2-1/2 Yermolinsky,
Alex-Akopian,Vladimir/WchT 4th Luzern (6) ;CBM 62 1997}) 18... Nf6 $5 (18...
Rad8 19. Nd4 Bf6 20. f3 a6 21. Bc4 Nc5 22. Rfd1 $14 {Stohl,I-Novikov,I 
(Ostrava 1994).}) 19. Nd4 Rac8 20. Nc6 Rxc6 $1 21. Bxc6 Ba6 22. Qd1 Bxf1 23.
Qxf1 Bd6 $11) 17... Qb8 (17... Bd6 18. Rd1 $5 (18. Bd4 Qb8 19. a3 a5 20. g3 Rd8
21. axb4 axb4 22. Rxa8 Qxa8 23. b3 Rc8 $11 {1/2-1/2 Savon,Vladimir A-Vaganian,
Rafael A/URS-ch38 Riga (9) ;URS-ch 1970 (33)}) 18... Qb8 19. Rac1 Ne5 20. Nxe5
Bxe5 21. h3 Rd8 22. Rc2 $11) 18. Nd4 {Im Falle von} (18. g3 $6 Rc8 (18... a6 $5
) 19. Bf4 Rxc1+ 20. Rxc1 Qd8 $11 {1/2-1/2 Pinter,Jozsef-Pelletier,Yannick/
FRA-chT France ;CBM 71 1999 (38)}) (18. Bb5 $5 Nf6 19. Nd4 $14 {[%csl Rc6]})
18... Bd6 19. Bb5 $1 $14 {[%csl Rc6]}) 17. Rac1 Bb7 18. g3 (18. Nd4 Nc5 $1 (
18... Rd8 19. Bb5 Bxe4 (19... Bd6 20. Nc6 Bxh2+ 21. Kh1 Bxc6 22. Bxc6 Bf4 23.
Bxa8 Bxe3 24. Qxe3 Qxa8 25. Rc7 $16) 20. Nc6 Bxc6 21. Bxc6 Nf6 22. Bxa8 Qxa8
23. Bc5 $16 {1-0 Thinius,Marco-Von Gleich,Alexander/Bundesliga 9293 ;GER-chT
1993 (41)}) 19. Nc6 Bxc6 20. Bxc5 Bxc5 21. Rxc5 Qd6 22. Rfc1 Rad8 23. Bb1 Bb7
24. e5 $14) 18... Rc8 19. Bf4 e5 20. Rxc8+ Bxc8 21. Bg5 Bf8 22. Rd1 $14 {
1-0 Chekhov,V-Bagirov,V/Moscow 1991/URS-ch (46)}) (16. Nd4 $6 Bb7 17. Bb5 Nc5
$5 (17... Ne5 $5 18. Rd1 Qb6 19. Bf4 $132) 18. Nc6 (18. Rd1 Qb6 19. e5 Rfd8
$132) 18... Bxc6 19. Bxc6 Rc8 20. Bb5 Qd4 $132 {Peng,Zhaoqin-Gurevich,Mikhail/
Lost Boys op (3) ;CBM 67 1998/0-1 (59)}) 16... Nc5 $5 {Lautier doesn't afraid
of phantoms.} (16... Qa5 17. Nd4 Bb7 18. Nb3 $14) 17. Ne5 (17. Bc2 Qa5 $5 18.
Bd2 (18. Ne5 Bb5 $132) 18... Na4 19. Nd4 Bb7 $11) 17... Bb7 18. Bf4 {White had
to agree to change Bd3 with Black N. In this case it will be very difficult
for White to fight for advantage.} (18. Bc2 Ba6 (18... Qa5 19. Nc4 Qb5 20. e5
Rfd8 21. Be3 $11) 19. Rxd8 Bxe2 20. Rxa8 Rxa8 21. Nc6 Bd6 22. Be3 a5 23. e5 Bf8
$11) 18... Qa5 19. Nc4 Qa6 $5 20. Nd6 (20. Rac1 Nxd3 $11) 20... Nxd3 21. Nxb7 {
[%cal Ge2a6]} Qxb7 22. Rxd3 Rfd8 $11 23. Rad1 {[%csl Rb4] Kramnik tries to use
the only defect in Black position - Pb4} Rxd3 24. Rxd3 Rd8 25. Rxd8+ Bxd8 26.
Qd3 Be7 27. Kf1 h6 28. Qc4 Qd7 29. Ke2 {Kramnik brought his king to the center,
but it is not enouph for advantage.} a5 30. Be3 {If White will change Queens -
Black position will be bad. But this cahge is impossible} Bf6 31. b3 Qd6 32. g3
Qe5 33. Qc8+ Kh7 34. Qc2 Kg8 35. Qc8+ (35. f4 Qh5+ 36. Kd3 Qf3 37. Qe2 Qh1 38.
Bb6 Qc1 39. Qc2 Qf1+ 40. Qe2 Qc1 $11) 35... Kh7 36. Qc2 Kg8 1/2-1/2

[Event "Amber-blindfold 09th"]
[Site "Monte Carlo"]
[Date "2000.03.24"]
[Round "8"]
[White "Ljubojevic, Ljubomir"]
[Black "Kramnik, Vladimir"]
[Result "0-1"]
[WhiteElo "2559"]
[BlackElo "2758"]
[Annotator "Golod,V"]
[PlyCount "52"]
[EventDate "2000.03.16"]
[EventType "tourn (rapid)"]
[EventRounds "11"]
[EventCountry "MNC"]
[EventCategory "18"]
[SourceTitle "CBM 076"]
[Source "ChessBase"]
[SourceDate "2000.05.31"]
[SourceVersion "1"]
[SourceVersionDate "2000.05.31"]
[SourceQuality "1"]

1. d4 Nf6 2. c4 e6 3. Nc3 Bb4 4. Qc2 O-O 5. a3 Bxc3+ 6. Qxc3 b6 7. Bg5 d6 $5 (
7... Bb7 {It's main line,other lines are:}) (7... c5) ({and} 7... Ba6) 8. f3 ({
Another alternative is:} 8. e3 {See comments to Ivanov,S-Yudasin,L/St.
Petersburg,1996/CBM56(1/2-1/2)(Shipov,S) (63)}) 8... Nbd7 ({Another options is:
} 8... c5) 9. e4 ({Repeatedly was checked in the previous games:} 9. Nh3) 9...
c5 ({Weakly:} 9... e5 {in view of:} 10. d5 Bb7 11. Bd3 Qe8 12. Ne2 h6 13. Be3
$14 {Seefeldt,M-Baitinger,M/Muenster,1990(1-0)(42)}) 10. dxc5 $146 {In my
opinion this novelty a little dubious, because of black gets a strong pawn
chain in the centre.} ({Also dubios:} 10. Bd3 Ba6 11. Nh3 h6 12. Bh4 $6 (12.
Be3 $142) 12... Rc8 13. Rc1 cxd4 14. Qxd4 Nc5 15. Bc2 e5 $15 {Hillarp Persson,
T-Aagaard,J/Copenhagen, 1997(0-1)(39)}) ({Can be recommended:} 10. Nh3 $5 h6 (
10... Ba6 $5) (10... Bb7 $5) 11. Be3 Qc7 12. d5 exd5 13. cxd5 Rb8 14. Be2 Re8
15. Nf2 $14 {Lazarev,V-Vehi Bach,V/Biel,1997(1-0)(29)}) 10... bxc5 11. Nh3 ({
After:} 11. Qd2 {[%csl Yd2][%cal Gg1e2,Ge2c3,Yd2g5]} Qb6 {[%csl Rb2][%cal
Ga8b8] black has a strong pressure in <->b}) 11... h6 ({It deserves attention:
} 11... d5) 12. Bxf6 $6 {[%mdl 16384] After this positional inaccuracy white
are getting in trouble,probably could be recommended: 12.Bf4 e5 13.Be3=} ({
After:} 12. Bh4 {again possibly:} d5 $36 (12... Nxe4 $2 13. Bxd8 Nxc3 14. Be7
Re8 15. Bxd6 Na4 16. b3 $14)) 12... Nxf6 13. O-O-O {[%cal Ge4e5]} ({Probably
better is:} 13. Rd1 {/\Be2,0-0}) 13... e5 {[%csl Gc8,Rh3]} 14. g4 ({
Senselessly:} 14. Qd2 {in view of:} Bxh3 15. gxh3 Ne8 $15 {[%csl Rd6,Yd8,Ye8]})
({A little bit better is:} 14. Nf2) 14... Rb8 15. Nf2 ({From my point of view
more logiccaly:} 15. g5 hxg5 16. Nxg5 Nh5 17. h4 {=/=/+}) 15... Rb6 {[%cal
Yb6d6] Black's plan is:Be6,Qe7or Qc7,Rfb8 <->b} 16. Rd2 ({Probably could be
recommended:} 16. h4) 16... Qe7 $15 17. Nd1 ({However better is:} 17. h4) 17...
Be6 18. Bd3 {/\Bc2(><b3)} Rfb8 {[%csl Rb3][%cal Gb6b3]} 19. Bc2 Qb7 20. Re1 Nh7
$1 {It's the best move, black's knight is tending on ideal " parking "d4.} 21.
Re3 $2 ({It is necessary:} 21. Ba4 Qa6 $140 22. Bb5) 21... Qa6 $1 $17 {[%csl
Rc4][%mdl 2048] Against 22.b3(קa3)} 22. Bd3 Bd7 {[%csl Rd4][%cal Gh7g5,Gg5e6,
Gh7f8,Gf8e6,Ge6d4]} 23. Bf1 Ng5 24. Red3 Ne6 25. Ne3 Nd4 {[%csl Rc3,Rf3][%cal
Gb6b3] Full domination,white doesn't have space for any movement.} 26. Nd5 $2 (
{Also loses right away:} 26. Kb1 $2 Rb3 27. Qc1 Nxf3 $19) (26. Rf2 $8 Be6 {
[%csl Rc4][%cal Gb6b3]} 27. Kd1 {-/+/-+}) 26... Rb3 {[%csl Rc3]} 0-1

[Event "Amber-rapid 09th"]
[Site "Monte Carlo"]
[Date "2000.03.16"]
[Round "1"]
[White "Piket, Jeroen"]
[Black "Kramnik, Vladimir"]
[Result "0-1"]
[WhiteElo "2633"]
[BlackElo "2758"]
[Annotator "Hansen,Cu"]
[PlyCount "82"]
[EventDate "2000.03.16"]
[EventType "tourn (rapid)"]
[EventRounds "11"]
[EventCountry "MNC"]
[EventCategory "18"]
[SourceTitle "CBM 076"]
[Source "ChessBase"]
[SourceDate "2000.05.31"]
[SourceVersion "1"]
[SourceVersionDate "2000.05.31"]
[SourceQuality "1"]

1. d4 Nf6 2. c4 e6 3. Nf3 d5 4. Nc3 Be7 5. Bf4 O-O 6. e3 Nbd7 7. h3 c5 8. cxd5
Nxd5 9. Nxd5 exd5 10. Be2 c4 {this configuration is not very normal in
Queens-gambit positions. However with an extra pair of Ns on c3 and f6 it is
quite well-known and considered clearly better for white. Maybe this is why
the idea c5-c4 in this variation for a long time was not taken seriously} 11.
O-O b5 {[%csl Gb5,Gc4,Gd5,Re2] black will now obviously build up on the Q-side
while whites only chance of putting some pressure on black would be to play
e3-e4. But how ? Blacks position is much easier to play. Whites whitesquared B
clearly belongs in the /^ b1-h7 but even in games where the B is on c2 -
Kortjnoj-Lputian Corustournament 2000 - it is not easy for white to
demonstrate any advantage} 12. Qc2 Bb7 13. Rad1 Rc8 14. Ne5 f6 15. Nf3 {
White would claim that the move f6 has weakend e6} (15. Nxd7 Qxd7 $15) 15...
Nb6 16. g4 $6 {White has to try and do something on the K-side} (16. Nd2 $5 {
[%cal Ye2g4,Yg4f5] With ideas such as Bg4-f5 and sometimes maybe even e3-e4 -
trying to equalize !} f5 17. Nf3 {[%cal Yf3e5]} (17. g4 $5)) 16... Bc6 17. Kg2
b4 {[%cal Rc6a4]} 18. Rc1 Be8 {[%cal Ye8g6,Yg6e4] The way white has played the
move f7-f6 has been a great help for black} 19. Qd2 g5 $5 20. Bg3 Bg6 {Black
has choosen a very original setup on the K-side. Whites Nf3 and Be2 are so far
away from being able to control f5 that he can allow himself such luxury} 21.
Bd1 (21. Nh2 $5 {[%cal Yf2f3,Yf1f2,Yh2f1]} Qd7 {[%cal Rc4c3]}) 21... Be4 22.
Kh2 (22. Bc2 f5 $36) 22... Qd7 23. Ne1 c3 {[%csl Rd2]} 24. Qe2 (24. bxc3 bxc3
25. Qe2 Ba3) 24... cxb2 25. Qxb2 Rxc1 26. Qxc1 Qb5 {[%cal Rb5f1]} 27. Rg1 Rc8 {
[%cal Rc8c1]} 28. Qa1 a5 {Simple chess. Black still has a P-majority on the
Q-side, and whites counterplay is nowhere in sight} 29. f3 Bg6 30. Rg2 Rc3 31.
Bc2 Nc4 32. Bxg6 hxg6 33. Nc2 Nxe3 34. Nxe3 Rxe3 35. Qc1 Re2 36. Qc7 a4 37. Be5
Kf7 38. Bd6 b3 39. axb3 axb3 40. Bxe7 Rxe7 41. Qc3 Qc4 0-1

[Event "Amber-rapid 09th"]
[Site "Monte Carlo"]
[Date "2000.03.18"]
[Round "3"]
[White "Ivanchuk, Vassily"]
[Black "Kramnik, Vladimir"]
[Result "1-0"]
[WhiteElo "2709"]
[BlackElo "2758"]
[Annotator "Krasenkow,M"]
[PlyCount "103"]
[EventDate "2000.03.16"]
[EventType "tourn (rapid)"]
[EventRounds "11"]
[EventCountry "MNC"]
[EventCategory "18"]
[SourceTitle "CBM 076"]
[Source "ChessBase"]
[SourceDate "2000.05.31"]
[SourceVersion "1"]
[SourceVersionDate "2000.05.31"]
[SourceQuality "1"]

1. c4 c5 2. Nf3 Nf6 3. Nc3 d5 4. cxd5 Nxd5 5. d4 Nxc3 6. bxc3 g6 7. e4 Bg7 8.
Rb1 O-O 9. Be2 cxd4 10. cxd4 Qa5+ 11. Bd2 Qxa2 12. O-O Bg4 13. Be3 Nc6 14. Rxb7
{A rarer continuation than} (14. d5) {,probably undeservedly underestimated.}
14... e6 $146 {A move recommended by Makarychev. However, it didn't show its
worth in the present game.} (14... Rab8 {was mostly tried in practice:} 15.
Rxb8 (15. Rc7 Rfc8 16. Rxc8+ Rxc8 17. Re1 (17. h3 Bxf3 18. Bxf3 Rd8 {- 15.Rb8})
17... Nb4 18. h3 Bxf3 19. Bxf3 Nc2 20. Qd2 Qa6 21. Rd1 Nxe3 22. Qxe3 Qb6 23. e5
a5 24. Ra1 Rc4 25. Qe4 Qa7 26. Qd5 Rxd4 {1/2-1/2 Schandorff,L-Akesson,R/SWE v
DEN, Skaenninge DEN 1998}) 15... Rxb8 16. h3 Bxf3 17. Bxf3 Rd8 (17... e6 18. d5
Ne5 19. Bg5 h6 20. Be7 Rb2 21. d6 Rd2 22. Qb1 Qa4 23. Qb8+ Kh7 24. Qc7 Qd4 25.
Bg4 Kg8 26. Qc8+ Kh7 27. Qc7 Kg8 28. Qc8+ Kh7 29. Qc7 {1/2-1/2 Wells,P-Rowson,
J/Agency Int, London ENG 1998}) 18. d5 Ne5 19. Qc1 Nc4 $1 20. Bg5 (20. Bxa7 $6
Qxa7 21. Qxc4 Bd4 22. Qe2 Rb8 $36 {^- Stohl,I}) 20... Re8 21. Re1 e6 $1 22. Re2
Qb3 23. dxe6 (23. Rc2 $5 exd5 24. exd5 Nd6 25. Rc6 Be5 26. Bf4 Qb4 $1 $132 {
Stohl,I}) 23... Rxe6 $10 24. Rc2 Nd6 25. Rc6 h5 26. Be3 {1/2-1/2 Khalifman,
A-Stohl,I/Deutschland Inf 71/491 1997}) (14... Bxf3 15. Bxf3 Nxd4 $140 $4 16.
Bxd4 Rfd8 17. Qa1 $18) (14... Rfd8 {is less convincing in view of} 15. d5 e6
16. Bg5 $1 ({better than} 16. Rxf7 exd5 17. exd5 Rxd5 18. Rxg7+ Kxg7 19. Qe1
Ne5 20. Bd4 Rxd4 21. Nxd4 Bxe2 22. Nxe2 Re8 23. Nc3 Qf7 24. Qa1 Kg8 25. Ne4 Qg7
26. Rd1 Rf8 27. f3 h6 28. Qa4 Qe7 29. h3 Kg7 30. Rd5 Rf5 {Bewersdorff,O-Roesch,
A/BL2-O 1994/1/2-1/2 (52)}) 16... f6 (16... Rd6 17. h3 Bxf3 18. Bxf3 Ne5 19.
Be7 Rd7 20. Rxd7 Nxd7 21. d6 $14 {Stohl,I}) 17. Qc1 $5 Qxe2 (17... fxg5 18. Bc4
Qa4 19. Bb3 (19. dxc6 Qxc6 20. Rxg7+ Kxg7 21. Qc3+ e5 22. Nxe5 Qf6) 19... Qxe4
(19... Nd4 20. Qxg5 $1 Ne2+ 21. Kh1 Qa6 22. Qe7 Ng3+ 23. hxg3 Qxf1+ 24. Kh2 Qa1
25. e5 $18) 20. Nxg5 Qe5 21. dxc6 $16) 18. Bh6 Bh8 19. Re1 Qa6 (19... Qd3 20.
Qxc6) 20. dxc6 Rd6 $13 {This line needs further investigation.}) 15. d5 exd5 (
15... Rfd8 {-14...Rfd8}) 16. exd5 {In this system of the Gruenfeld White's
passed d-pawn, supported by his rook on the 7th rank and his dark-squared
bishop, is usually an important factor in White's favour outweighing Black's
a-pawn.} Ne5 17. d6 a5 18. h3 Be6 (18... Bxf3 19. Bxf3 Nxf3+ 20. Qxf3 a4 21. d7
a3 22. Bc5 Rfd8 23. Be7 $18 {-White comes first!}) 19. Nxe5 Bxe5 20. Bf3 Rad8 (
20... Rfd8 $2 21. Rb5 $1 Rxd6 22. Qb1 $18) (20... Rab8 21. d7 $1 Rfd8 22. Rxb8
Bxb8 23. Bc6 Qb2 {[%cal Yb2e5]} 24. Qa1 $1 (24. Bd4 Qb4 25. Bf6 $4 Qf4) 24...
Qxa1 25. Rxa1 Bc7 26. Bg5 Rxd7 27. Bxd7 Bxd7 28. Rc1 $16) 21. d7 {[%cal Re3c5]}
a4 22. Bc5 a3 23. Re1 $1 f6 24. Re2 $2 {A wrong idea. White eliminates the
main enemy but loses his d7 pawn, too. Of course, it is difficult to calculate
variations accurately in a rapid game.} (24. Bxf8 Kxf8 25. Re3 {[%cal Yb7a7]
was very strong.}) 24... Qc4 25. Bxa3 Rf7 26. Rd2 Qa6 $2 ({After} 26... Bc7 $1
{White can't save his d7 pawn:} 27. Rc2 Rdxd7 $1 28. Rxc4 (28. Qc1 Qa6) 28...
Rxd1+ 29. Bxd1 Bxc4 $11) 27. Bc1 (27. Bc5 {was possible}) 27... Bf4 28. Rd4 Be5
29. Rd3 Qa1 30. Bc6 Qa6 31. Be4 Bf5 $2 {A mistake. Black weakens his pawn
structure and the position of his king thus creating a second weakness in his
camp (White's d7 pawn is the first one). Now his position must be lost.
Perhaps Black simply overlooked White's reply...} (31... Kg7) 32. Bxf5 $1 gxf5
(32... Qxb7 33. Be6 Qc6 34. Bxf7+ Kxf7 35. Ba3 {was probably better but
hopeless enough.}) 33. Qf3 Qa1 34. Rd1 Qa4 35. Bh6 $2 (35. Qd5 $18 {was
winning at once. After the text move Black just takes the d7 pawn although
White maintains the better chances thanks to the unsafe position of the black
king.}) 35... Rfxd7 36. Rbxd7 Rxd7 37. Rc1 Qe4 $2 (37... Rd8 {and Black can
fight on. After the text move the back king is turned out of his haven.}) 38.
Rc8+ Kf7 39. Qh5+ Ke6 40. Qe8+ Re7 41. Qg8+ Kd7 42. Rc1 Bc7 43. Rd1+ Kc6 44. g3
(44. Qa8+ Kc5 45. Be3+ {lead to an immediate mate but even now, with his bare
king, Black has little chances to survive.}) 44... Kb7 45. Ra1 Kb6 (45... Re8
46. Qxh7 $18) (45... Bb8 46. Qb3+ Kc8 47. Qc3+ Bc7 48. Bf4 $18) 46. Be3+ Kc6
47. Qa8+ (47. Qc8 $1 $18) 47... Kd7 48. Rd1+ Bd6 49. Qf8 Qc2 50. Rd4 Qb1+ 51.
Kh2 Kc7 52. Rc4+ {The second part of the game was a comedy of errors, which is
usual for "active" chess.} 1-0